[Event "Dhaka Chowdhury Memorial op-B 2nd"]
[Site "Dhaka"]
[Date "2022.07.06"]
[Round "6"]
[White "Wadifa, Ahmed"]
[Black "Mohammed, Salim"]
[Result "1/2-1/2"]
[WhiteElo "1774"]
[BlackElo "1843"]
[PlyCount "108"]
[EventDate "2022.07.02"]
[EventType "swiss"]
[EventRounds "9"]
[EventCountry "BAN"]
[SourceTitle "EXT 2023"]
[Source "ChessBase"]
[SourceDate "2022.10.05"]
[SourceVersion "1"]
[SourceVersionDate "2022.10.05"]
[SourceQuality "1"]

1. e4 c6 2. d4 d5 3. Nc3 dxe4 4. Nxe4 Bf5 5. Ng3 Bg6 6. h4 h6 7. Nh3 e6 8. Nf4 Bh7 9. Bc4 Nf6 10. 0-0 Bd6 11. Re1 Bxf4 12. Bxf4 0-0 13. c3 Nbd7 14. Nh5 Bg6 15. Nxf6+ Nxf6 16. Re5 Nd7 17. Re3 Qxh4 18. Bd6 Rfe8 19. Bd3 Nf8 20. Qb3 Bxd3 21. Rxd3 b6 22. Qc4 Qe4 23. Bg3 Qd5 24. Qa4 b5 25. Qc2 Ng6 26. Re1 Rad8 27. b3 c5 28. Red1 c4 29. bxc4 Qxc4 30. Qb3 Rc8 31. Qa3 Ra8 32. Bd6 a5 33. Qc5 Rec8 34. Qxc4 Rxc4 35. Rb1 Rd8 36. Ba3 Rd5 37. g3 e5 38. Kg2 f5 39. Rb3 Kf7 40. Rd1 Ra4 41. Bc5 Rc4 42. Rxb5 Rxc3 43. Rxa5 Rc4 44. Ra7+ Kg8 45. Rb1 exd4 46. Rb8+ Kh7 47. Rbb7 Rdxc5 48. Rxg7+ Kh8 49. Rh7+ Kg8 50. Rag7+ Kf8 51. Rxg6 Rc6 52. Rgg7 Re6 53. Rb7 Kg8 54. Rbg7+ Kf8 1/2-1/2

[Event "Dhaka Chowdhury Memorial op-B 2nd"]
[Site "Dhaka"]
[Date "2022.07.03"]
[Round "3"]
[White "Mohammed, Salim"]
[Black "Rahman, Saimon Siddiqur"]
[Result "1-0"]
[WhiteElo "1843"]
[BlackElo "1983"]
[PlyCount "205"]
[EventDate "2022.07.02"]
[EventType "swiss"]
[EventRounds "9"]
[EventCountry "BAN"]
[SourceTitle "EXT 2023"]
[Source "ChessBase"]
[SourceDate "2022.10.05"]
[SourceVersion "1"]
[SourceVersionDate "2022.10.05"]
[SourceQuality "1"]

1. c4 b6 2. Nf3 Bb7 3. g3 g6 4. Bg2 Bg7 5. 0-0 Nf6 6. Nc3 d6 7. d4 Nbd7 8. Qc2 0-0 9. b3 c5 10. d5 Re8 11. Bb2 a6 12. Rfe1 Rb8 13. a4 Qc7 14. Rad1 Rbd8 15. e4 Ng4 16. h3 Ngf6 17. Re2 e5 18. Bc1 h6 19. Nh2 Nh5 20. Be3 Kh7 21. Rf1 Bc8 22. Qc1 Nf8 23. g4 Nf4 24. Rc2 g5 25. Ne2 Nxe2+ 26. Rxe2 Ng6 27. Rfe1 Nf4 28. Rd2 Bd7 29. Nf1 b5 30. axb5 axb5 31. Ng3 Ra8 32. Nf5 Bf6 33. Qb2 Qa5 34. Bxf4 Bxf5 35. Be3 Bg6 36. Rde2 Reb8 37. Rc1 Qb4 38. Bd2 Qa3 39. Qxa3 Rxa3 40. Rc3 Bd8 41. Rce3 bxc4 42. bxc4 Ra4 43. Rc3 Rb2 44. Bf3 Ba5 45. Rd3 Bxd2 46. Rexd2 Rxd2 47. Rxd2 Rxc4 48. Ra2 Bxe4 49. Bxe4+ Rxe4 50. Ra6 Rd4 51. Rxd6 c4 52. Rc6 Rxd5 53. Rxc4 Kg6 54. Rc6+ f6 55. Rc7 Rd4 56. Kg2 Rd2 57. Rc6 Rd4 58. Kg3 Rd3+ 59. Kg2 Rd4 60. Kg3 Rf4 61. Ra6 h5 62. Re6 h4+ 63. Kg2 Kf7 64. Ra6 Ke7 65. Rb6 Rd4 66. Rb3 Ke6 67. Rb6+ Rd6 68. Rb3 Kd5 69. Rb4 e4 70. Rb5+ Kd4 71. Kf1 Kd3 72. Rb1 Rc6 73. Rd1+ Kc4 74. Ke2 Ra6 75. Ke3 Ra3+ 76. Kxe4 Rxh3 77. Rd4+ Kc5 78. Rd5+ Kc6 79. Rf5 Rh2 80. Rxf6+ Kd7 81. f3 Ra2 82. Rf5 Re2+ 83. Kd3 Re7 84. Rxg5 Rh7 85. Ke4 h3 86. Rd5+ Ke6 87. Rd1 h2 88. Rh1 Kf6 89. Kf4 Rh3 90. g5+ Kg6 91. Kg4 Rh8 92. f4 Kf7 93. Kg3 Ke6 94. Rxh2 Rf8 95. Re2+ Kd5 96. Kg4 Kd6 97. g6 Kd7 98. f5 Re8 99. Rh2 Ke7 100. Kg5 Rf8 101. Re2+ Kd7 102. g7 Ra8 103. Kg6 1-0

[Event "BAN-chT 1st League"]
[Site "Dhaka"]
[Date "2022.03.18"]
[Round "9.3"]
[White "Ankit, Ray"]
[Black "Mohammed, Salim"]
[Result "0-1"]
[WhiteElo "1895"]
[BlackElo "1804"]
[PlyCount "92"]
[EventDate "2022.03.10"]
[EventType "team-tourn"]
[EventRounds "11"]
[EventCountry "BAN"]
[SourceTitle "EXT 2023"]
[Source "ChessBase"]
[SourceDate "2022.10.05"]
[SourceVersion "1"]
[SourceVersionDate "2022.10.05"]
[SourceQuality "1"]
[WhiteTeam "Mir CC"]
[BlackTeam "Kasparov CC"]
[WhiteTeamCountry "BAN"]
[BlackTeamCountry "BAN"]

1. d4 Nf6 2. Nf3 d5 3. g3 e6 4. Bg2 Nbd7 5. 0-0 Bd6 6. c4 c6 7. Qc2 0-0 8. Nbd2 Re8 9. e4 dxe4 10. Nxe4 Nxe4 11. Qxe4 e5 12. dxe5 Nxe5 13. Nxe5 Bxe5 14. Bf4 f5 15. Qe3 Bf6 16. Qa3 Be6 17. Rad1 Qb6 18. b3 a5 19. Be3 Qb4 20. Qc1 Qc3 21. Qxc3 Bxc3 22. Rd3 Bf6 23. Re1 Kf7 24. Bd4 Rad8 25. Red1 Rxd4 26. Rxd4 Bxd4 27. Rxd4 Ke7 28. Kf1 a4 29. Ke2 axb3 30. axb3 Ra8 31. Rd2 Ra3 32. Rb2 Kd6 33. Kd2 Kc5 34. Kc3 Bxc4 35. f4 Be6 36. Bf1 b5 37. Bd3 b4+ 38. Kd2 g6 39. Bc2 Kd4 40. Bd1 Bd5 41. Bc2 Ra8 42. Bd1 Be4 43. h3 h5 44. g4 h4 45. g5 Bg2 46. Rc2 Bd5 0-1

[Event "BAN-chT 1st League"]
[Site "Dhaka"]
[Date "2022.03.16"]
[Round "7.3"]
[White "Md Abu, Hanif"]
[Black "Mohammed, Salim"]
[Result "1-0"]
[WhiteElo "2023"]
[BlackElo "1804"]
[PlyCount "133"]
[EventDate "2022.03.10"]
[EventType "team-tourn"]
[EventRounds "11"]
[EventCountry "BAN"]
[SourceTitle "EXT 2023"]
[Source "ChessBase"]
[SourceDate "2022.10.05"]
[SourceVersion "1"]
[SourceVersionDate "2022.10.05"]
[SourceQuality "1"]
[WhiteTeam "Access"]
[BlackTeam "Kasparov CC"]
[WhiteTeamCountry "BAN"]
[BlackTeamCountry "BAN"]

1. d4 Nf6 2. c4 e6 3. Nf3 c6 4. Nc3 d5 5. Bf4 Nbd7 6. e3 Bb4 7. a3 Bxc3+ 8. bxc3 Qa5 9. Qb3 Ne4 10. Rc1 Ndf6 11. Bd3 0-0 12. 0-0 Nh5 13. Be5 f6 14. Bg3 g6 15. cxd5 Nexg3 16. hxg3 exd5 17. e4 Qb6 18. Qa2 Be6 19. Rfe1 Rae8 20. e5 Bg4 21. Nh2 Be6 22. Qd2 Ng7 23. exf6 Rxf6 24. Qh6 Ref8 25. Nf3 Qc7 26. Ng5 Nf5 27. Bxf5 Bxf5 28. f4 Be4 29. Re3 Qg7 30. Qxg7+ Kxg7 31. Rce1 c5 32. dxc5 Rc8 33. c4 h6 34. Nxe4 dxe4 35. Rxe4 Rxc5 36. Re7+ Rf7 37. Rxf7+ Kxf7 38. Re4 h5 39. Kf2 Kf6 40. Kf3 Ra5 41. Re3 Kf5 42. Rb3 a6 43. Rd3 Ra4 44. Rc3 g5 45. fxg5 Kxg5 46. Kf2 Kf5 47. Ke2 Ke4 48. Rb3 Rxc4 49. Rxb7 Rc3 50. Re7+ Kd4 51. Rd7+ Ke5 52. Re7+ Kd4 53. Rg7 Rxa3 54. Rg5 Ke4 55. Kf2 a5 56. Rxh5 Ra1 57. Rb5 a4 58. g4 Kf4 59. g5 a3 60. g6 Ra2+ 61. Kg1 Rb2 62. g7 a2 63. Ra5 Rb8 64. Rxa2 Kg3 65. Ra3+ Kg4 66. Kh2 Kg5 67. g8R+ 1-0

[Event "BAN-chT 1st League"]
[Site "Dhaka"]
[Date "2022.03.12"]
[Round "3.3"]
[White "Mohammed, Salim"]
[Black "Parvej, Nahid Sagar"]
[Result "1-0"]
[WhiteElo "1804"]
[BlackElo "1979"]
[PlyCount "99"]
[EventDate "2022.03.10"]
[EventType "team-tourn"]
[EventRounds "11"]
[EventCountry "BAN"]
[SourceTitle "EXT 2023"]
[Source "ChessBase"]
[SourceDate "2022.10.05"]
[SourceVersion "1"]
[SourceVersionDate "2022.10.05"]
[SourceQuality "1"]
[WhiteTeam "Kasparov CC"]
[BlackTeam "Agrani Bank Daba Dal"]
[WhiteTeamCountry "BAN"]
[BlackTeamCountry "BAN"]

1. c4 e6 2. g3 d5 3. cxd5 exd5 4. Bg2 c6 5. Nf3 Nf6 6. 0-0 g6 7. d3 Bg7 8. Qb3 0-0 9. Bg5 Nbd7 10. Nc3 Qb6 11. Qc2 Re8 12. a4 a5 13. h3 Nf8 14. Bxf6 Bxf6 15. e3 Bd7 16. d4 Bf5 17. Qd2 h5 18. h4 Ne6 19. Rfe1 Bg7 20. Kh2 Nc7 21. Bh3 Bxh3 22. Kxh3 Na6 23. Kg2 Nb4 24. Rac1 Qd8 25. b3 Qf6 26. Na2 Bf8 27. Re2 Qf5 28. Nxb4 Bxb4 29. Qc2 Qg4 30. Ne5 Qe6 31. f4 Bd6 32. Rf1 f5 33. Qd3 Kg7 34. Rc1 Ra6 35. Rec2 Rb6 36. Kf2 Ra8 37. Re1 Raa6 38. Rd1 Rb4 39. Rb2 Rab6 40. Rbb1 Bxe5 41. fxe5 Qe7 42. Rdc1 Ra6 43. Rc5 Ra7 44. Ke2 Qd7 45. Qc3 Qe7 46. Qd3 Qe6 47. Qc3 Qe7 48. Kd2 Kf7 49. Kc2 Ke6 50. Rf1 1-0

[Event "BAN-chT 1st League"]
[Site "Dhaka"]
[Date "2021.03.03"]
[Round "7.1"]
[White "Mohammed, Salim"]
[Black "Sacchu, Afzal Hossain"]
[Result "0-1"]
[WhiteElo "1833"]
[BlackElo "1993"]
[PlyCount "106"]
[EventDate "2021.02.25"]
[EventType "team-tourn"]
[EventRounds "11"]
[EventCountry "BAN"]
[SourceTitle "EXT 2022"]
[Source "ChessBase"]
[SourceDate "2021.10.06"]
[SourceVersion "1"]
[SourceVersionDate "2021.10.06"]
[SourceQuality "1"]
[WhiteTeam "Basir Memorial"]
[BlackTeam "Dhaka CC"]
[WhiteTeamCountry "BAN"]
[BlackTeamCountry "BAN"]

1. f4 Nf6 2. Nf3 g6 3. e3 Bg7 4. d4 0-0 5. Bd3 d6 6. 0-0 Nbd7 7. Nbd2 c5 8. c3 b6 9. Qe2 Bb7 10. Ba6 Bxa6 11. Qxa6 Qc7 12. Qe2 e5 13. fxe5 dxe5 14. dxc5 Nxc5 15. Nb3 Rfe8 16. Qc4 Rac8 17. Nxc5 Qxc5 18. Qxc5 Rxc5 19. Rd1 Rc7 20. Kf2 Ne4+ 21. Ke2 Bf8 22. Bd2 f6 23. Be1 Kf7 24. Rd5 Ke6 25. Rad1 Be7 26. g4 g5 27. R5d3 h5 28. gxh5 Rh8 29. Kf1 Rxh5 30. Kg2 g4 31. Ng1 Rc8 32. Ne2 Rch8 33. Bg3 Nxg3 34. hxg3 R5h7 35. Kf1 Rh1+ 36. Ng1 R8h3 37. b4 R3h2 38. R3d2 Rxd2 39. Rxd2 f5 40. Kg2 Rh8 41. Ne2 Bg5 42. c4 Bxe3 43. Rc2 f4 44. gxf4 exf4 45. Nc3 f3+ 46. Kg3 f2 47. Rxf2 Bxf2+ 48. Kxf2 Ke5 49. Nb5 Kf4 50. a4 Rh2+ 51. Kf1 Ra2 52. Nxa7 g3 53. Nc6 g2+ 0-1

[Event "BAN Walton 1st League"]
[Site "Dhaka"]
[Date "2018.11.01"]
[Round "8.3"]
[White "Mohammed, Salim"]
[Black "Samrat, Ghorai"]
[Result "1/2-1/2"]
[WhiteElo "1836"]
[BlackElo "2010"]
[PlyCount "156"]
[EventDate "2018.10.25"]
[EventType "team-tourn"]
[EventRounds "11"]
[EventCountry "BAN"]
[SourceTitle "CBM 187 Extra"]
[Source "ChessBase"]
[SourceDate "2018.11.04"]
[SourceVersion "1"]
[SourceVersionDate "2018.11.04"]
[SourceQuality "1"]
[WhiteTeam "Basir Memorial"]
[BlackTeam "Agrani Bank Daba Dal"]
[WhiteTeamCountry "BAN"]
[BlackTeamCountry "BAN"]

1. f4 d5 2. d4 Nf6 3. Nf3 e6 4. e3 b6 5. Bd3 Bb7 6. 0-0 Be7 7. Nbd2 Nbd7 8. c3 c5 9. Ne5 Qc7 10. Ndf3 0-0 11. Nxd7 Nxd7 12. Ne5 f5 13. g4 g6 14. Bd2 a5 15. Qe2 c4 16. Bc2 b5 17. a3 Nxe5 18. fxe5 Qb6 19. gxf5 exf5 20. Qg2 Kh8 21. Rf3 Qe6 22. Qf2 Bc8 23. Rf1 Qc6 24. Qe1 Be6 25. Kh1 Rab8 26. h4 h5 27. Kg2 b4 28. cxb4 axb4 29. axb4 Qb6 30. Qg3 Bxb4 31. Qg5 Kh7 32. Rg3 Rg8 33. Bxb4 Qxb4 34. Bxf5 Qxb2+ 35. Kg1 Bxf5 36. Rxf5 Qa1+ 37. Rf1 Rb1 38. Rgf3 Rg7 39. e6 c3 40. e7 Rxf1+ 41. Rxf1 Qa8 42. Rf8 c2 43. Rxa8 c1Q+ 44. Kh2 Qc7+ 45. Qg3 Rxe7 46. Qxc7 Rxc7 47. Kg3 Re7 48. Kf3 Rf7+ 49. Kg3 Rf5 50. Ra7+ Kh6 51. Re7 g5 52. Re6+ Kg7 53. hxg5 Rxg5+ 54. Kf4 Rg4+ 55. Kf3 Rg5 56. Kf4 Rg4+ 57. Kf5 Rg1 58. Re7+ Kg8 59. Re5 h4 60. Kf4 Kg7 61. Rh5 Rh1 62. Rxd5 h3 63. Rh5 h2 64. Ke4 Kg6 65. Rh8 Kg5 66. d5 Kg4 67. Rg8+ Kh3 68. Rh8+ Kg2 69. Ke5 Rd1 70. e4 h1Q 71. Rxh1 Rxh1 72. Kd6 Kf3 73. e5 Ke4 74. e6 Rh6 75. Kd7 Kxd5 76. e7 Rh7 77. Kd8 Rxe7 78. Kxe7 Ke5 1/2-1/2

[Event "BAN Walton 1st League"]
[Site "Dhaka"]
[Date "2018.10.30"]
[Round "6.3"]
[White "Mohammed, Salim"]
[Black "Shawket Bin, Osman Shaon"]
[Result "1/2-1/2"]
[WhiteElo "1836"]
[BlackElo "2084"]
[PlyCount "87"]
[EventDate "2018.10.25"]
[EventType "team-tourn"]
[EventRounds "11"]
[EventCountry "BAN"]
[SourceTitle "CBM 187 Extra"]
[Source "ChessBase"]
[SourceDate "2018.11.04"]
[SourceVersion "1"]
[SourceVersionDate "2018.11.04"]
[SourceQuality "1"]
[WhiteTeam "Basir Memorial"]
[BlackTeam "Mir CC"]
[WhiteTeamCountry "BAN"]
[BlackTeamCountry "BAN"]

1. f4 e5 2. fxe5 d6 3. Nf3 Bg4 4. d3 Bxf3 5. exf3 dxe5 6. Be3 Nc6 7. Nd2 f5 8. c3 Nf6 9. Be2 Nd5 10. Nf1 Nxe3 11. Nxe3 f4 12. Nf1 Qh4+ 13. g3 Qh3 14. gxf4 exf4 15. Rg1 0-0-0 16. Kd2 Bc5 17. Rg5 Bb6 18. Qa4 Be3+ 19. Nxe3 fxe3+ 20. Kc2 Qxh2 21. Qg4+ Rd7 22. Qg2 Qxg2 23. Rxg2 g6 24. Rh1 Rf8 25. Rg5 Rf6 26. Rh4 Re7 27. d4 Nd8 28. b4 Rff7 29. Kd3 Ne6 30. Re5 g5 31. Rhe4 Nf4+ 32. Kxe3 Rxe5 33. Rxe5 Nxe2 34. Kxe2 Rg7 35. Kf2 Kd7 36. a4 h6 37. a5 Rg6 38. b5 Rf6 39. Kg3 a6 40. bxa6 bxa6 41. Kg4 Rf4+ 42. Kg3 Rf6 43. Kg4 Rf8 44. Rf5 1/2-1/2

[Event "Dhaka IRT U2000"]
[Site "Dhaka"]
[Date "2018.02.22"]
[Round "9"]
[White "Mohammed, Salim"]
[Black "Dibakar, Dibya"]
[Result "1-0"]
[WhiteElo "1810"]
[BlackElo "1655"]
[PlyCount "77"]
[EventDate "2018.02.14"]
[EventType "swiss"]
[EventRounds "9"]
[EventCountry "BAN"]
[SourceTitle "EXT 2024"]
[Source "ChessBase"]
[SourceDate "2023.10.10"]
[SourceVersion "1"]
[SourceVersionDate "2023.10.10"]
[SourceQuality "1"]

1. c4 e5 2. Nc3 Nf6 3. g3 Bc5 4. Bg2 0-0 5. Nf3 d6 6. 0-0 Nc6 7. d3 h6 8. a3 a5 9. e3 Bb6 10. Bd2 Bf5 11. Qc2 Qd7 12. Rfc1 Rfe8 13. Ne1 Bh3 14. Bh1 Ng4 15. Nd5 Qf5 16. f3 Nd4 17. Qd1 Ba7 18. Bg2 Bxg2 19. Kxg2 Nxe3+ 20. Bxe3 Rac8 21. b4 c6 22. Nc3 h5 23. Ra2 g5 24. Ne4 Qg6 25. Bxg5 Re6 26. Be3 f5 27. Nf2 f4 28. Bxd4 Bxd4 29. Ne4 Rc7 30. Kh1 Rg7 31. Rg2 Qh6 32. Nc2 Ba7 33. c5 d5 34. Nd6 Qf6 35. Qe2 Bb8 36. Re1 Bxd6 37. cxd6 e4 38. dxe4 dxe4 39. Qc4 1-0

[Event "BAN Marcel 1st Div"]
[Site "Dhaka"]
[Date "2018.01.06"]
[Round "8.3"]
[White "Rahman, Syed Mahfuzur"]
[Black "Mohammed, Salim"]
[Result "1-0"]
[WhiteElo "2149"]
[BlackElo "1829"]
[PlyCount "77"]
[EventDate "2017.12.30"]
[EventType "team-tourn"]
[EventRounds "9"]
[EventCountry "BAN"]
[SourceTitle "CBM 182 Extra"]
[Source "ChessBase"]
[SourceDate "2018.02.23"]
[SourceVersion "1"]
[SourceVersionDate "2018.02.23"]
[SourceQuality "1"]
[WhiteTeam "Janata Bank Officer Welfare"]
[BlackTeam "Basir Memorial CC"]
[WhiteTeamCountry "BAN"]
[BlackTeamCountry "BAN"]

1. e4 c6 2. d4 d6 3. Nc3 g6 4. f4 e6 5. Nf3 Ne7 6. Be3 Bg7 7. Qd2 a6 8. a4 Qa5 9. Be2 0-0 10. 0-0 Kh8 11. h3 Nd7 12. Rfd1 Nf6 13. b4 Qc7 14. a5 Bd7 15. Bd3 Rae8 16. Qf2 Bc8 17. Qh4 Kg8 18. Na4 d5 19. e5 Nd7 20. g4 f6 21. Rf1 b5 22. axb6 Nxb6 23. Nc5 Nc4 24. Bc1 h6 25. c3 f5 26. Ra2 Kf7 27. Qg3 Bb7 28. Bxc4 dxc4 29. Nd2 Nd5 30. Nxc4 Kg8 31. Nd6 Rb8 32. Nxe6 Qe7 33. Nxf8 Rxf8 34. gxf5 gxf5 35. Rg2 Bc8 36. Kh2 Kh8 37. Rfg1 Rg8 38. Nxc8 Qe6 39. Nd6 1-0

[Event "BAN Marcel 1st Div"]
[Site "Dhaka"]
[Date "2018.01.04"]
[Round "6.3"]
[White "Kabir, Mohammad Sherajul"]
[Black "Mohammed, Salim"]
[Result "1-0"]
[WhiteElo "1956"]
[BlackElo "1829"]
[PlyCount "173"]
[EventDate "2017.12.30"]
[EventType "team-tourn"]
[EventRounds "9"]
[EventCountry "BAN"]
[SourceTitle "CBM 182 Extra"]
[Source "ChessBase"]
[SourceDate "2018.02.23"]
[SourceVersion "1"]
[SourceVersionDate "2018.02.23"]
[SourceQuality "1"]
[WhiteTeam "Agrani Bank Daba Dal"]
[BlackTeam "Basir Memorial CC"]
[WhiteTeamCountry "BAN"]
[BlackTeamCountry "BAN"]

1. d4 Nf6 2. c4 e6 3. Nf3 c6 4. Nc3 Bb4 5. Qc2 d5 6. e3 Nbd7 7. Bd3 h6 8. Bd2 0-0 9. 0-0 Re8 10. a3 Bd6 11. e4 dxe4 12. Nxe4 Nxe4 13. Bxe4 Nf6 14. Bd3 Qc7 15. h3 c5 16. dxc5 Bxc5 17. b4 Be7 18. Bc3 Bd7 19. Be5 Qc8 20. Rac1 a6 21. Bh2 Rd8 22. Ne5 Be8 23. c5 Nd7 24. Nc4 a5 25. Bh7+ Kh8 26. Be4 axb4 27. axb4 Ra7 28. Qb3 e5 29. Nxe5 Nxe5 30. Bxe5 f6 31. Bb2 Qc7 32. Qf3 Bc6 33. Rfd1 Ra2 34. Bxc6 bxc6 35. Rxd8+ Bxd8 36. Qb3 Ra7 37. Re1 Qd7 38. Qe3 Be7 39. Bc3 Rb7 40. Qe6 Bf8 41. Qxd7 Rxd7 42. Re8 Kg8 43. Kf1 Rc7 44. Ra8 Kf7 45. Ke2 h5 46. Kd3 Be7 47. Kc4 g5 48. Bd4 Ke6 49. Ra6 Kd7 50. g4 hxg4 51. hxg4 Rb7 52. Ra1 Ke8 53. Re1 Kd7 54. Rh1 Ke6 55. Rh5 Rb8 56. Rh1 Rb7 57. Rb1 Rb5 58. Bc3 Kd7 59. Bd2 Ke6 60. Re1+ Kd7 61. f4 gxf4 62. Bxf4 Rb7 63. Ra1 Ke6 64. Ra6 Kd7 65. Ra8 Ke6 66. Bd2 Kd7 67. Bc3 Ke6 68. Rc8 Kd7 69. Rg8 Ra7 70. b5 cxb5+ 71. Kxb5 Rb7+ 72. Kc4 Kc6 73. Bb4 Ra7 74. Rb8 Ra1 75. Rb6+ Kc7 76. Re6 Rc1+ 77. Kb5 Kd7 78. Re4 Bd8 79. Rd4+ Kc8 80. Kc6 Rf1 81. Bd2 f5 82. Bf4 Bf6 83. Rb4 Kd8 84. gxf5 Bc3 85. Re4 Ra1 86. Bc7+ Kc8 87. Ra4 1-0

[Event "BAN Marcel 1st Div"]
[Site "Dhaka"]
[Date "2018.01.03"]
[Round "5.3"]
[White "Chowdhury, Shamsul Kabir"]
[Black "Mohammed, Salim"]
[Result "1-0"]
[WhiteElo "1769"]
[BlackElo "1829"]
[PlyCount "105"]
[EventDate "2017.12.30"]
[EventType "team-tourn"]
[EventRounds "9"]
[EventCountry "BAN"]
[SourceTitle "CBM 182 Extra"]
[Source "ChessBase"]
[SourceDate "2018.02.23"]
[SourceVersion "1"]
[SourceVersionDate "2018.02.23"]
[SourceQuality "1"]
[WhiteTeam "Mohakhali Pradip Sangah"]
[BlackTeam "Basir Memorial CC"]
[WhiteTeamCountry "BAN"]
[BlackTeamCountry "BAN"]

1. d4 Nf6 2. c4 e6 3. Nc3 d5 4. Bf4 c6 5. e3 Bb4 6. a3 Bxc3+ 7. bxc3 Qa5 8. Qb3 0-0 9. Nf3 Nbd7 10. c5 Ne4 11. Rc1 b5 12. Ne5 Nxe5 13. Bxe5 f6 14. Bf4 Re8 15. Bd3 f5 16. h4 Nf6 17. h5 h6 18. f3 Qd8 19. Qc2 Rf8 20. Qf2 Bd7 21. g4 Nh7 22. Qg3 Qf6 23. Rc2 Rf7 24. Rg2 Raf8 25. Be5 f4 26. exf4 Qd8 27. Bd6 Qa5 28. 0-0 Nf6 29. Bxf8 Kxf8 30. Bg6 Re7 31. g5 Ng8 32. f5 Qxc3 33. Qb8+ Be8 34. Qe5 hxg5 35. fxe6 Nf6 36. Bxe8 Nxe8 37. Rxg5 Qd2 38. h6 Qd3 39. hxg7+ Nxg7 40. Qf6+ Ke8 41. Rxg7 Qe3+ 42. Kh1 Rxg7 43. Qxg7 Qxe6 44. Qh8+ Kd7 45. Qh7+ Qe7 46. Qxe7+ Kxe7 47. Re1+ Kf6 48. Re5 a5 49. Kg2 b4 50. axb4 axb4 51. Re8 Kf5 52. Re3 Kf4 53. Kf2 1-0

[Event "BAN Marcel 1st Div"]
[Site "Dhaka"]
[Date "2018.01.01"]
[Round "3.3"]
[White "Ahmed, Sk Raju"]
[Black "Mohammed, Salim"]
[Result "0-1"]
[WhiteElo "1809"]
[BlackElo "1829"]
[PlyCount "148"]
[EventDate "2017.12.30"]
[EventType "team-tourn"]
[EventRounds "9"]
[EventCountry "BAN"]
[SourceTitle "CBM 182 Extra"]
[Source "ChessBase"]
[SourceDate "2018.02.23"]
[SourceVersion "1"]
[SourceVersionDate "2018.02.23"]
[SourceQuality "1"]
[WhiteTeam "Mir CC"]
[BlackTeam "Basir Memorial CC"]
[WhiteTeamCountry "BAN"]
[BlackTeamCountry "BAN"]

1. d4 Nf6 2. Nd2 d5 3. g3 e6 4. Bg2 Nbd7 5. Ngf3 Bd6 6. 0-0 0-0 7. c4 c6 8. c5 Bc7 9. b4 a5 10. bxa5 Bxa5 11. Bb2 Bxd2 12. Nxd2 b6 13. Nb3 Ba6 14. Re1 Bc4 15. Qc2 b5 16. a3 Re8 17. f4 h5 18. Nd2 Ra4 19. e4 Nf8 20. e5 N6h7 21. h4 g6 22. Nf3 Qa8 23. Nd2 Re7 24. Bf1 Rea7 25. Qc3 Qd8 26. Rec1 Nd7 27. Bd3 Qa5 28. Qxa5 R4xa5 29. Bc2 Nhf8 30. Kf2 Kg7 31. Nb3 R5a6 32. Nd2 f6 33. Bd1 fxe5 34. fxe5 Nh7 35. Nf3 Ndf8 36. Kg2 Bd3 37. Nd2 Rf7 38. Rc3 Bf5 39. Re3 Rfa7 40. Rb3 Rf7 41. Rb4 Rfa7 42. a4 Bd3 43. Bc3 g5 44. Bxh5 gxh4 45. gxh4 bxa4 46. Ra3 Bb5 47. Bd1 Ng6 48. Kg3 Ne7 49. Bc2 Nf8 50. Nf3 Nf5+ 51. Bxf5 exf5 52. Ng5 Kg6 53. Kf4 Re7 54. Rb2 Bd3 55. Rg2 Kh5 56. Bd2 Be4 57. Nxe4 fxe4 58. Rg5+ Kh6 59. Kg4 Kh7 60. h5 Ne6 61. Rg6 Nxd4 62. Bg5 Rg7 63. Rxg7+ Kxg7 64. Bf6+ Kh7 65. Rg3 Ra7 66. Ra3 Ne6 67. Kf5 Nd4+ 68. Kg4 Ra8 69. Kf4 Kh6 70. e6 Nxe6+ 71. Kf5 Ng7+ 72. Ke5 Re8+ 73. Kf4 Nxh5+ 74. Kf5 Rf8 0-1

[Event "Kecskemet Caissa IM 07"]
[Site "Kecskemet"]
[Date "2015.07.28"]
[Round "7"]
[White "Nemeth, Miklos"]
[Black "Mohammed, Salim"]
[Result "1-0"]
[WhiteElo "2461"]
[BlackElo "2050"]
[PlyCount "57"]
[EventDate "2015.07.21"]
[EventType "tourn"]
[EventRounds "9"]
[EventCountry "HUN"]
[SourceTitle "EXT 2016"]
[Source "ChessBase"]
[SourceDate "2015.10.08"]
[SourceVersion "1"]
[SourceVersionDate "2015.10.08"]
[SourceQuality "1"]

1. e4 d6 2. d4 Nf6 3. Nc3 c6 4. f4 Qa5 5. Bd3 e5 6. Nf3 exd4 7. Nxd4 g6 8. Be3 Bg7 9. Qd2 0-0 10. 0-0-0 Nbd7 11. Nb3 Qc7 12. Be2 d5 13. e5 Ne8 14. h4 Qd8 15. h5 Nc7 16. Bf3 Nb6 17. Bc5 Nc4 18. Qf2 Re8 19. hxg6 fxg6 20. Be2 b5 21. g4 a5 22. Qh2 Na6 23. Qxh7+ Kf7 24. Bd3 Nxc5 25. Qxg6+ Kf8 26. Nxc5 Qb6 27. Rh7 Ra7 28. Rdh1 Qd8 29. Rxg7 1-0

[Event "Kecskemet Caissa IM 07"]
[Site "Kecskemet"]
[Date "2015.07.27"]
[Round "6"]
[White "Mohammed, Salim"]
[Black "Amer, Said Salim Al Maash"]
[Result "0-1"]
[WhiteElo "2050"]
[BlackElo "2141"]
[PlyCount "38"]
[EventDate "2015.07.21"]
[EventType "tourn"]
[EventRounds "9"]
[EventCountry "HUN"]
[SourceTitle "EXT 2016"]
[Source "ChessBase"]
[SourceDate "2015.10.08"]
[SourceVersion "1"]
[SourceVersionDate "2015.10.08"]
[SourceQuality "1"]

1. e4 c5 2. b3 b6 3. Bb2 Bb7 4. d3 Nc6 5. Qg4 Nf6 6. Qh4 e6 7. f4 Be7 8. Qf2 d5 9. e5 Ng4 10. Qf3 h5 11. h3 Nh6 12. Qxh5 Bh4+ 13. Kd1 g6 14. Qf3 Nf5 15. Ne2 d4 16. Nd2 Ne3+ 17. Kc1 Qd7 18. a3 Nxe5 19. fxe5 Bxf3 0-1

[Event "Kecskemet Caissa IM 07"]
[Site "Kecskemet"]
[Date "2015.07.22"]
[Round "2"]
[White "Milanovic, Slavisa"]
[Black "Mohammed, Salim"]
[Result "1-0"]
[WhiteElo "2407"]
[BlackElo "2050"]
[PlyCount "83"]
[EventDate "2015.07.21"]
[EventType "tourn"]
[EventRounds "9"]
[EventCountry "HUN"]
[SourceTitle "EXT 2016"]
[Source "ChessBase"]
[SourceDate "2015.10.08"]
[SourceVersion "1"]
[SourceVersionDate "2015.10.08"]
[SourceQuality "1"]

1. c4 d6 2. Nc3 e5 3. Nf3 f5 4. d4 e4 5. Ng5 Be7 6. Nh3 Nf6 7. e3 0-0 8. Nf4 c6 9. h4 Na6 10. Be2 d5 11. cxd5 cxd5 12. Bxa6 bxa6 13. Qb3 Bd6 14. Ncxd5 Kh8 15. h5 h6 16. Ng6+ Kh7 17. Nxf8+ Qxf8 18. Nxf6+ Qxf6 19. Bd2 Rb8 20. Qc4 Bd7 21. Bc3 Bb5 22. Qd5 Rc8 23. g4 f4 24. Qxe4+ Kh8 25. Qf5 Qd8 26. e4 Qc7 27. a4 Rf8 28. Qe6 Bd7 29. Qd5 Bc8 30. f3 Bb7 31. Qa5 Qc4 32. Kd2 Bxe4 33. fxe4 f3 34. Rad1 Qe2+ 35. Kc1 Qxe4 36. Qxa6 Bf4+ 37. Bd2 Rf6 38. Qc8+ Kh7 39. d5 Qxd5 40. Qc2+ Kh8 41. Bxf4 Qa2 42. Rd8+ 1-0